000 00591nam a22001937a 4500
005 20250307125105.0
010 _aENG-144008
020 _c45.00
035 _aEN-127540
037 _bDBAD
082 _a158.1
100 _aPrasad, Mondepu
_979387
245 _aFrom Failure to Sucess/
_cMondepu Prasad
250 _a1
260 _aVijayawada
_bV.G.S. Book Links
_c2018
270 _a5-6-59/3, Second Floor, Tammina Krishna Street, Behind Sairam Theatre
_bVijayawada
_e520009
_mvgstechnoseries@gmail.com
300 _a120p.
_c22cm(pb)
942 _2ddc
_cEN
_h158.1
_mPRA
999 _c210159
_d210159